000
00314nam a2200133Ia 4500
005
20251222155149.0
008
251222s9999||||xx |||||||||||||| ||spa||
082
_a
MIC. 16.2
100
_a
BOTERO, David.
245
0
_a
Parasitosis Humanas - 2da. Edición
250
_a
2da. ed.
264
_b
CIB
942
_c
LIB
999
_c
39476
_d
39476